Comparative health-care systems /
Uloženo v:
| Hlavní autor: | |
|---|---|
| Další autoři: | |
| Médium: | Text |
| Tagy: |
Přidat tag
Žádné tagy, Buďte první, kdo vytvoří štítek k tomuto záznamu!
|
MARC
| LEADER | 00000 a a2200000 04500 | ||
|---|---|---|---|
| 001 | 44748 | ||
| 003 | |||
| 040 | |||
| 100 | |a Durbin, Nancy E. | ||
| 245 | |a Comparative health-care systems / |c Barbara Melber Nancy E. Durbin | ||
| 700 | |a Melber, Barbara | ||
| 773 | |g páginas 373-383 | ||
| 999 | |c 24890 |d 24890 | ||
